Transportation disasters, financial crises, and beyond /
Uloženo v:
| Hlavní autor: | |
|---|---|
| Médium: | Kniha |
| Jazyk: | English |
| Tagy: |
Přidat tag
Žádné tagy, Buďte první, kdo vytvoří štítek k tomuto záznamu!
|
MARC
| LEADER | 00000nam a22000007a 4500 | ||
|---|---|---|---|
| 003 | cru CIDCACS/IIS | ||
| 005 | 20171130094524.0 | ||
| 008 | 171129s2015 -uk|||p|r||||||0| ||eng|d | ||
| 999 | |c 40674 |d 40674 | ||
| 040 | |c cru CIDCACS/IIS | ||
| 100 | 1 | |9 6154 |a Mao, Zhifei | |
| 245 | 1 | |a Transportation disasters, financial crises, and beyond / |c Zhifei Mao | |
| 300 | |a páginas 94-99 | ||
| 773 | 0 | |0 18701 |9 1657 |d Los Angeles: SAGE Publications |o 18427 |t Current Sociology / |x 00113921 | |
| 942 | |2 ddc |c PP | ||
